ՄԱՅՐ ԱԹՈՌ ՍՈՒՐԲ ԷՋՄԻԱԾԻՆ

«ՎԱՉԵ ԵՎ ԹԱՄԱՐ ՄԱՆՈՒԿՅԱՆ» ՄԱՏԵՆԱԴԱՐԱՆ

Բողբոջող անմոռուկներ: (Record no. 64378)

MARC details
000 -LEADER
fixed length control field 01044nam a22002297a 4500
003 - CONTROL NUMBER IDENTIFIER
control field SEM
005 - DATE AND TIME OF LATEST TRANSACTION
control field 20220608073152.0
008 - FIXED-LENGTH DATA ELEMENTS--GENERAL INFORMATION
fixed length control field 160414s2015 ai ||||gr|||||||||||arm|d
020 ## - INTERNATIONAL STANDARD BOOK NUMBER
International Standard Book Number 9789939517865
040 ## - CATALOGING SOURCE
Transcribing agency SEM
Original cataloging agency SEM
041 0# - LANGUAGE CODE
Language code of text/sound track or separate title arm
080 ## - UNIVERSAL DECIMAL CLASSIFICATION NUMBER
Universal Decimal Classification number 891.981-3/Պ-51
100 1# - MAIN ENTRY--PERSONAL NAME
Personal name Պէրթիզլեան Ղազարեան Մարիանա
Dates associated with a name 1949-
Fuller form of name (Պերթիզլյան Ղազարյան Մարիանա)
245 10 - TITLE STATEMENT
Title Բողբոջող անմոռուկներ:
Remainder of title Սահմաններուն վրայ բողբոջող անմոռուկներուն զրոյցներէն /
Statement of responsibility, etc. Պէրթիզլեան Ղազարյան Մ. ; Խմբ.՝ Նիկողոսեան Ա.
260 ## - PUBLICATION, DISTRIBUTION, ETC.
Place of publication, distribution, etc. Երևան:
Name of publisher, distributor, etc. Անտարես,
Date of publication, distribution, etc. 2015.
300 ## - PHYSICAL DESCRIPTION
Extent 207 էջ ;
Dimensions 13 սմ.
500 ## - GENERAL NOTE
General note Կը նուիրուի Հայոց ցեղասպանութեան հարիւրամեակին
650 14 - SUBJECT ADDED ENTRY--TOPICAL TERM
Topical term or geographic name entry element Հայ գրականություն
650 14 - SUBJECT ADDED ENTRY--TOPICAL TERM
Topical term or geographic name entry element Գեղարվեստական գրականություն
700 1# - ADDED ENTRY--PERSONAL NAME
Personal name Նիկողոսեան Արքմենիկ
Relator term խմբ.
Relationship edt.
942 ## - ADDED ENTRY ELEMENTS (KOHA)
Source of classification or shelving scheme Universal Decimal Classification
Koha item type Գրքեր/Books
Holdings
Withdrawn status Lost status Source of classification or shelving scheme Damaged status Not for loan Collection code Home library Current library Date acquired Cost, normal purchase price Inventory number Total Checkouts Full call number Barcode Date last seen Price effective from Koha item type Public note
    Universal Decimal Classification     Գրապահոց Մայր Աթոռ Սուրբ Էջմիածին «Վաչե և Թամար Մանուկյան» Մատենադարան Մայր Աթոռ Սուրբ Էջմիածին «Վաչե և Թամար Մանուկյան» Մատենադարան 04/01/2022 1500.00 25003   891.981-3/Պ-51 25003 14/04/2016 14/04/2016 Գրքեր/Books Սպասարկվում է ընթերցասրահ